Censo de la caña de azúcar, 1948
Uloženo v:
| Korporativní autor: | |
|---|---|
| Médium: | Text |
| Vydáno: |
San José :
|
| Tagy: |
Přidat tag
Žádné tagy, Buďte první, kdo vytvoří štítek k tomuto záznamu!
|
MARC
| LEADER | 00000 a a2200000 04500 | ||
|---|---|---|---|
| 001 | 18966 | ||
| 003 | |||
| 040 | |||
| 090 | |a 018200 | ||
| 110 | |a Costa Rica. Ministerio de Agricultura y Ganadería | ||
| 245 | |a Censo de la caña de azúcar, 1948 | ||
| 260 | |a San José : | ||
| 300 | |a 40 p | ||
| 999 | |c 14371 |d 14371 | ||
